|
|
|
|
| LEADER |
00000nam0a2200000 4500 |
| 001 |
349067 |
| 005 |
20231102010152.0 |
| 035 |
|
|
|a (RuTPU)RU\TPU\retro\1052
|
| 090 |
|
|
|a 349067
|
| 100 |
|
|
|a 20180410d1974 km y0rusy50 ca
|
| 101 |
0 |
|
|a rus
|
| 102 |
|
|
|a RU
|
| 105 |
|
|
|a a z 001zy
|
| 200 |
1 |
|
|a Методы анализа и оптимизации технологических схем угольных шахт
|f А. С. Сагинов, С. С. Квон, К. Н. Адилов
|
| 210 |
|
|
|a Москва
|c Недра
|d 1974
|
| 215 |
|
|
|a 295 с.
|c ил.
|
| 320 |
|
|
|a Библиогр.: с. 288-292
|
| 606 |
1 |
|
|a Угледобыча
|x Технико-экономические расчеты
|2 stltpush
|3 (RuTPU)RU\TPU\subj\62340
|9 79420
|
| 610 |
1 |
|
|a угольные пласты
|
| 610 |
1 |
|
|a разработка
|
| 610 |
1 |
|
|a проектные решения
|
| 610 |
1 |
|
|a оптимизация
|
| 610 |
1 |
|
|a надежность
|
| 610 |
1 |
|
|a условия
|
| 610 |
1 |
|
|a Карагандинский бассейн
|
| 610 |
1 |
|
|a параметры
|
| 610 |
1 |
|
|a горное производство
|
| 610 |
1 |
|
|a шахты
|
| 675 |
|
|
|a 622.333.013
|v 4
|
| 700 |
|
1 |
|a Сагинов
|b А. С.
|g Абылкас Сагинович
|
| 701 |
|
1 |
|a Квон
|b С. С.
|g Сергей Сын-Гувич
|
| 701 |
|
1 |
|a Адилов
|b К. Н.
|g Каиржан Наукебаевич
|
| 801 |
|
1 |
|a RU
|b 63413507
|c 20180410
|
| 801 |
|
2 |
|a RU
|b 63413507
|c 20180410
|g RCR
|
| 942 |
|
|
|c BK
|